Score 0/8 Timer 01:00
0 Plays Today
% Correct
New York
97.6%
Dallas
87.9%
Indianapolis
86.3%
El Paso
85.5%
Tucson
71.8%
Austin
68.5%
San Antonio
58.1%
Upland
46%

You're not logged in!

Compare scores with friends on all Sporcle quizzes.
OR
Log In

Sporcle TV

Today on Sporcle TV


Watch our educational content, quiz creation guides, and fun videos on Sporcle TV.

Show Comments

Extras

Top Quizzes Today


Score Distribution

Paid Content

Your Account Isn't Verified!

In order to create a playlist on Sporcle, you need to verify the email address you used during registration. Go to your Sporcle Settings to finish the process.

Report this User

Report this user for behavior that violates our Community Guidelines.

Details: